[Event "Rhein Main op-A 17th"]
[Site "Bad Homburg"]
[Date "2014.06.21"]
[Round "5"]
[White "Fieberg, Christoph"]
[Black "Zyla, Lennert"]
[Result "1-0"]
[WhiteElo "1903"]
[BlackElo "1752"]
[PlyCount "207"]
[EventDate "2014.06.18"]
[EventType "swiss"]
[EventRounds "7"]
[EventCountry "GER"]
[SourceTitle "CBM 161 Extra"]
[Source "ChessBase"]
[SourceDate "2014.08.29"]
[SourceVersion "1"]
[SourceVersionDate "2014.08.29"]
[SourceQuality "1"]

1. e4 c5 2. Nf3 e6 3. d4 cxd4 4. Nxd4 a6 5. Be2 d6 6. c4 Nf6 7. Nc3 Be7 8. Be3 Bd7 9. 0-0 0-0 10. f4 Nc6 11. Bf3 Qc7 12. Rc1 Rfe8 13. Qe2 Bf8 14. g4 Bc8 15. g5 Nd7 16. a3 g6 17. Nxc6 bxc6 18. c5 d5 19. b4 Bg7 20. e5 Nf8 21. Bd4 Bd7 22. Nd1 Bc8 23. Ne3 Qe7 24. Ng4 Nd7 25. Nf6+ Bxf6 26. gxf6 Qf8 27. Bg4 h6 28. Rc3 Kh7 29. Rh3 a5 30. Qd2 axb4 31. axb4 Ba6 32. Rb1 Bc4 33. Rc1 Ra2 34. Rc2 Rxc2 35. Qxc2 Bb5 36. Be3 Ra8 37. Be2 Bxe2 38. Qxe2 h5 39. Qc2 Kh8 40. Qe2 Kh7 41. Qc2 Kh8 42. Rg3 Kh7 43. Rg5 Qh6 44. b5 Rc8 45. b6 Nb8 46. Kf2 Rd8 47. Bd4 Re8 48. Qa4 Qf8 49. Qa7 Qg8 50. h4 Qf8 51. Ke3 Qg8 52. Qa4 Qf8 53. Kf3 Qh6 54. Be3 Qf8 55. Qc2 Kh8 56. Qa4 Kh7 57. Bd4 Qh6 58. Rg1 Qf8 59. Ra1 Rc8 60. Qa7 Rd8 61. Qa4 Re8 62. Qb4 Rd8 63. Ra7 Rc8 64. Qa4 Rd8 65. Rc7 Qe8 66. Qa7 Kg8 67. Re7 Qf8 68. Kg3 Rc8 69. b7 Rd8 70. Rc7 Kh8 71. Kf3 Kg8 72. Ke3 Kh8 73. Kd3 Kg8 74. Be3 Kh7 75. Kd4 Kg8 76. Bd2 Kh7 77. Qb6 Kg8 78. Re7 Re8 79. Rc7 Kh8 80. Ba5 Qh6 81. Bd2 Qf8 82. Qb1 Kg8 83. Qd3 Kh8 84. Ba5 Kg8 85. Bb6 Qh6 86. Qe3 Qf8 87. Qe2 Qh6 88. Qf1 Qf8 89. Ba7 Kh7 90. Bxb8 Rxb8 91. Qa6 Qh6 92. Rxf7+ Kg8 93. Rg7+ Kf8 94. Ke3 d4+ 95. Kf3 d3 96. Qxc6 Qxg7 97. fxg7+ Kxg7 98. Qc7+ Kh6 99. Qxb8 g5 100. fxg5+ Kg7 101. Qc7+ Kg6 102. b8Q d2 103. Qg8+ Kf5 104. Qgh7# 1-0

[Event "Rhein Main op-A 17th"]
[Site "Bad Homburg"]
[Date "2014.06.21"]
[Round "6"]
[White "Martin, Reiner"]
[Black "Fieberg, Christoph"]
[Result "0-1"]
[WhiteElo "2033"]
[BlackElo "1903"]
[PlyCount "34"]
[EventDate "2014.06.18"]
[EventType "swiss"]
[EventRounds "7"]
[EventCountry "GER"]
[SourceTitle "CBM 161 Extra"]
[Source "ChessBase"]
[SourceDate "2014.08.29"]
[SourceVersion "1"]
[SourceVersionDate "2014.08.29"]
[SourceQuality "1"]

1. d4 d5 2. c4 c6 3. Nc3 Nf6 4. Nf3 e6 5. cxd5 cxd5 6. Bg5 Nc6 7. e3 Bb4 8. Rc1 h6 9. Bh4 0-0 10. Be2 g5 11. Bg3 Ne4 12. Nd2 f5 13. Ncxe4 dxe4 14. f4 Nxd4 15. Bc4 b5 16. Bb3 Nxb3 17. axb3 e5 0-1

[Event "Cologne Longerich op 09th"]
[Site "Cologne"]
[Date "2012.08.05"]
[Round "4"]
[White "Scholzen, Wolfgang"]
[Black "Fieberg, Christoph"]
[Result "1-0"]
[WhiteElo "1966"]
[BlackElo "1765"]
[PlyCount "65"]
[EventDate "2012.08.03"]
[EventType "tourn"]
[EventRounds "5"]
[EventCountry "GER"]
[SourceTitle "EXT 2017"]
[Source "ChessBase"]
[SourceDate "2016.10.25"]
[SourceVersion "1"]
[SourceVersionDate "2016.10.25"]
[SourceQuality "1"]

1. d4 d6 2. Nf3 Nf6 3. c4 c6 4. Nc3 Qc7 5. Bg5 Bg4 6. e3 Nbd7 7. Be2 e5 8. dxe5 dxe5 9. Qc2 Bb4 10. Bxf6 Nxf6 11. a3 Be7 12. 0-0 0-0 13. Rfd1 Rad8 14. h3 Bh5 15. e4 Rd7 16. Rxd7 Nxd7 17. Rd1 Bxf3 18. Bxf3 Nc5 19. Bg4 Rd8 20. b4 Nd7 21. c5 Nf6 22. Be2 Rd4 23. Rxd4 exd4 24. Nb1 Qf4 25. Bf3 Nd7 26. Qd2 Qe5 27. Qd3 Qf6 28. Nd2 Nf8 29. Nb3 Ne6 30. Bg4 Nf4 31. Qxd4 Qg5 32. Qd7 Qe5 33. Qe8+ 1-0

[Event "Cologne Longerich op 09th"]
[Site "Cologne"]
[Date "2012.08.04"]
[Round "2"]
[White "Fieberg, Christoph"]
[Black "Boschek, Hans Joachim"]
[Result "1/2-1/2"]
[WhiteElo "1765"]
[BlackElo "1867"]
[PlyCount "37"]
[EventDate "2012.08.03"]
[EventType "tourn"]
[EventRounds "5"]
[EventCountry "GER"]
[SourceTitle "EXT 2017"]
[Source "ChessBase"]
[SourceDate "2016.10.25"]
[SourceVersion "1"]
[SourceVersionDate "2016.10.25"]
[SourceQuality "1"]

1. e4 c5 2. c3 Nf6 3. e5 Nd5 4. Bc4 Nb6 5. Bb3 d6 6. d4 cxd4 7. cxd4 dxe5 8. Qh5 g6 9. Qxe5 f6 10. Qg3 Qxd4 11. Nf3 Qg4 12. Nc3 Qxg3 13. hxg3 Na6 14. Be3 e5 15. Ne4 Bb4+ 16. Ke2 Ke7 17. Bh6 Bf5 18. Nxf6 Kxf6 19. Bg5+ 1/2-1/2

[Event "Moehnesee Cup-A 37th"]
[Site "Moehnesee"]
[Date "2011.09.03"]
[Round "5"]
[White "Fieberg, Christoph"]
[Black "Rumpler, Horst Dieter"]
[Result "0-1"]
[WhiteElo "1878"]
[BlackElo "2014"]
[PlyCount "118"]
[EventDate "2011.09.01"]
[EventType "swiss"]
[EventRounds "7"]
[EventCountry "GER"]
[SourceTitle "EXT 2013"]
[Source "ChessBase"]
[SourceDate "2012.11.22"]
[SourceVersion "1"]
[SourceVersionDate "2012.11.22"]
[SourceQuality "1"]

1. e4 d5 2. exd5 Qxd5 3. Nc3 Qa5 4. Bc4 Nf6 5. d3 Bf5 6. Bd2 c6 7. Nf3 Qc7 8. Qe2 Nbd7 9. Ng5 Bg6 10. f3 h6 11. Nge4 0-0-0 12. b4 Nxe4 13. dxe4 Nb6 14. Bd3 e6 15. Rb1 Bd6 16. a4 Bxh2 17. a5 Bg3+ 18. Kf1 Nd7 19. Be3 Kb8 20. Na4 f5 21. Bd4 fxe4 22. Bxe4 Bxe4 23. Qxe4 e5 24. Bc5 Nf6 25. Qe3 Qf7 26. Bxa7+ Kc8 27. Nb6+ Kc7 28. Ke2 Bf4 29. Qb3 Rd2+ 30. Ke1 Qxb3 31. Rxb3 Rhd8 32. Rd3 Rxc2 33. Rxd8 Kxd8 34. Rh3 Rxg2 35. Nc4 Nd5 36. Nd6 Nxb4 37. Nxb7+ Kc7 38. Nc5 Nc2+ 39. Kf1 Ne3+ 40. Ke1 Nc4 41. Ne6+ Kb7 42. Bc5 Rg6 43. Nxf4 exf4 44. Rh4 Re6+ 45. Kf2 g5 46. Rh1 Nxa5 47. Bf8 Nb3 48. Rb1 Re3 49. Bc5 Rc3 50. Bf8 Kc7 51. Bxh6 Nd2 52. Rg1 Nxf3 53. Rg4 Kd6 54. Bxg5 Nxg5 55. Rxg5 Ke6 56. Ra5 c5 57. Ra8 Kd5 58. Rd8+ Kc4 59. Rf8 f3 0-1

[Event "Moehnesee Cup-A 37th"]
[Site "Moehnesee"]
[Date "2011.09.02"]
[Round "3"]
[White "Fieberg, Christoph"]
[Black "Dyballa, Gerhard"]
[Result "1/2-1/2"]
[WhiteElo "1878"]
[BlackElo "1997"]
[PlyCount "45"]
[EventDate "2011.09.01"]
[EventType "swiss"]
[EventRounds "7"]
[EventCountry "GER"]
[SourceTitle "EXT 2013"]
[Source "ChessBase"]
[SourceDate "2012.11.22"]
[SourceVersion "1"]
[SourceVersionDate "2012.11.22"]
[SourceQuality "1"]

1. e4 e6 2. d4 d5 3. Nc3 Bb4 4. a3 Bxc3+ 5. bxc3 dxe4 6. Qg4 Nf6 7. Qxg7 Rg8 8. Qh6 Rg6 9. Qh4 c5 10. dxc5 Qa5 11. Bd2 Qxc5 12. Ne2 Nbd7 13. c4 Rg4 14. Qh6 Qxc4 15. Ng3 Qd4 16. Rd1 Qe5 17. Be2 Rg6 18. Qh4 b6 19. 0-0 Bb7 20. Bf4 Qa5 21. Bd2 Qe5 22. Bf4 Qa5 23. Bd2 1/2-1/2

[Event "Karl Mala Memorial op 14th"]
[Site "Frankfurt"]
[Date "2011.07.10"]
[Round "6"]
[White "Fieberg, Christoph"]
[Black "Schellmann, Frank"]
[Result "1/2-1/2"]
[WhiteElo "1878"]
[BlackElo "2077"]
[PlyCount "66"]
[EventDate "2011.07.07"]
[EventType "swiss"]
[EventRounds "7"]
[EventCountry "GER"]
[SourceTitle "EXT 2012"]
[Source "ChessBase"]
[SourceDate "2011.11.24"]
[SourceVersion "1"]
[SourceVersionDate "2011.11.24"]
[SourceQuality "1"]

1. e4 e5 2. Nf3 Nc6 3. Bc4 Nf6 4. d3 Be7 5. 0-0 0-0 6. Re1 d6 7. c3 Na5 8. Bb5 a6 9. Ba4 b5 10. Bc2 c5 11. b4 Nc6 12. a4 Bb7 13. axb5 axb5 14. Rxa8 Qxa8 15. Na3 cxb4 16. Nxb5 bxc3 17. Nxc3 Nb4 18. Bb1 Ba6 19. Na2 Nxd3 20. Bxd3 Bxd3 21. Qxd3 Qxa2 22. Re2 Qa4 23. Bg5 Rc8 24. Bxf6 Bxf6 25. Qxd6 h6 26. h3 Rc1+ 27. Kh2 Rd1 28. Qb8+ Rd8 29. Qb2 Qc4 30. Qc2 Rc8 31. Qxc4 Rxc4 32. Ne1 Be7 33. f3 f6 1/2-1/2

[Event "Karl Mala Memorial op 14th"]
[Site "Frankfurt"]
[Date "2011.07.09"]
[Round "5"]
[White "Calvi, Stefan"]
[Black "Fieberg, Christoph"]
[Result "1-0"]
[WhiteElo "1993"]
[BlackElo "1878"]
[PlyCount "79"]
[EventDate "2011.07.07"]
[EventType "swiss"]
[EventRounds "7"]
[EventCountry "GER"]
[SourceTitle "EXT 2012"]
[Source "ChessBase"]
[SourceDate "2011.11.24"]
[SourceVersion "1"]
[SourceVersionDate "2011.11.24"]
[SourceQuality "1"]

1. e4 c5 2. c3 d5 3. exd5 Qxd5 4. d4 e5 5. dxe5 Qxe5+ 6. Be2 Nf6 7. Nf3 Qc7 8. 0-0 Be7 9. Bg5 0-0 10. Nbd2 Be6 11. Qc2 Nc6 12. Ne4 Ng4 13. Bxe7 Nxe7 14. Ng3 f6 15. Rfe1 Bd5 16. h3 Ne5 17. Nxe5 fxe5 18. Bd3 g6 19. Be4 c4 20. Rad1 Rad8 21. Qe2 Qb6 22. Bxd5+ Rxd5 23. Qxc4 Qxf2+ 24. Kh2 Qc5 25. Qxc5 Rxc5 26. Rd7 Nc6 27. Rxb7 Rf7 28. Rxf7 Kxf7 29. Ne4 Ra5 30. a3 Ke6 31. g4 h6 32. Kg2 Rb5 33. b4 Rd5 34. Rf1 Ne7 35. Rf6+ Kd7 36. Ra6 Nc6 37. Nf6+ Kd6 38. Nxd5 Kxd5 39. Rxc6 Kxc6 40. c4 1-0

[Event "Karl Mala Memorial op 14th"]
[Site "Frankfurt"]
[Date "2011.07.07"]
[Round "1"]
[White "Fieberg, Christoph"]
[Black "Karpatchev, Aleksandr"]
[Result "0-1"]
[WhiteElo "1878"]
[BlackElo "2485"]
[PlyCount "34"]
[EventDate "2011.07.07"]
[EventType "swiss"]
[EventRounds "7"]
[EventCountry "GER"]
[SourceTitle "EXT 2012"]
[Source "ChessBase"]
[SourceDate "2011.11.24"]
[SourceVersion "1"]
[SourceVersionDate "2011.11.24"]
[SourceQuality "1"]

1. e4 e5 2. Nf3 Nc6 3. Bc4 Nf6 4. d3 Be7 5. 0-0 0-0 6. c3 d5 7. exd5 Nxd5 8. Re1 Nb6 9. Bb5 f6 10. Qb3+ Kh8 11. Bxc6 bxc6 12. d4 Bg4 13. Nbd2 Bd6 14. dxe5 fxe5 15. Nxe5 Bxe5 16. f3 Bxh2+ 17. Kxh2 Qh4+ 0-1

[Event "Moehnesee Cup 36th"]
[Site "Moehnesee"]
[Date "2010.08.28"]
[Round "4"]
[White "Fieberg, Christoph"]
[Black "Titgemeyer, Sven"]
[Result "1/2-1/2"]
[WhiteElo "1803"]
[BlackElo "2039"]
[PlyCount "29"]
[EventDate "2010.08.26"]
[EventType "swiss"]
[EventRounds "7"]
[EventCountry "GER"]
[SourceTitle "EXT 2011"]
[Source "ChessBase"]
[SourceDate "2010.11.26"]
[SourceVersion "1"]
[SourceVersionDate "2010.11.26"]
[SourceQuality "1"]

1. e4 e5 2. Nf3 Nc6 3. d4 exd4 4. Nxd4 Bc5 5. Nxc6 Qf6 6. Qf3 Qxf3 7. gxf3 dxc6 8. Bc4 Ne7 9. Rg1 0-0 10. Be3 Bxe3 11. fxe3 Kh8 12. Nd2 Bd7 13. 0-0-0 Ng6 14. f4 Rad8 15. Nf3 1/2-1/2

[Event "Cologne Longerich op 7th"]
[Site "Cologne"]
[Date "2010.07.31"]
[Round "2"]
[White "Lambertz, Michael"]
[Black "Fieberg, Christoph"]
[Result "1-0"]
[WhiteElo "1982"]
[BlackElo "1820"]
[PlyCount "69"]
[EventDate "2010.07.30"]
[EventType "swiss"]
[EventRounds "5"]
[EventCountry "GER"]
[SourceTitle "EXT 2011"]
[Source "ChessBase"]
[SourceDate "2010.11.26"]
[SourceVersion "1"]
[SourceVersionDate "2010.11.26"]
[SourceQuality "1"]

1. e4 d6 2. Bc4 e6 3. Nc3 c6 4. d4 Nf6 5. Bd3 e5 6. d5 c5 7. Bg5 Be7 8. Nge2 Nxd5 9. Bb5+ Kf8 10. Nxd5 Bxg5 11. c3 Nd7 12. 0-0 Nb6 13. f4 a6 14. fxg5 axb5 15. Nxb6 Qxb6 16. Qd5 Qc7 17. Rf2 Qe7 18. Rd1 Ra6 19. Ng3 Be6 20. Qd2 h6 21. h4 hxg5 22. hxg5 Rh4 23. Nf5 Bxf5 24. exf5 Qc7 25. f6 g6 26. g3 Rh5 27. Rh2 Qc6 28. Rxh5 gxh5 29. g6 Qe4 30. Qh6+ Ke8 31. gxf7+ Kxf7 32. Qg7+ Ke6 33. Qe7+ Kf5 34. Rf1+ Kg4 35. Rf4+ 1-0

[Event "Lippe Cup 06th"]
[Site "Lieme"]
[Date "2009.10.18"]
[Round "4"]
[White "Henkemeier, Markus"]
[Black "Fieberg, Christoph"]
[Result "1/2-1/2"]
[WhiteElo "1714"]
[BlackElo "1732"]
[PlyCount "48"]
[EventDate "2009.10.16"]
[EventType "swiss"]
[EventRounds "5"]
[EventCountry "GER"]
[SourceTitle "EXT 2012"]
[Source "ChessBase"]
[SourceDate "2011.11.24"]
[SourceVersion "1"]
[SourceVersionDate "2011.11.24"]
[SourceQuality "1"]

1. e4 d6 2. Nc3 c5 3. g3 Nc6 4. Bg2 g6 5. d3 Bg7 6. Be3 Nf6 7. h3 Bd7 8. Qd2 e6 9. Nge2 Qa5 10. Bh6 0-0 11. 0-0 Nd4 12. Bxg7 Kxg7 13. Qd1 Rab8 14. f4 e5 15. fxe5 dxe5 16. Nd5 Nxd5 17. exd5 Nf5 18. Qc1 c4 19. dxc4 Qc5+ 20. Rf2 Qxc4 21. b3 Qc5 22. c4 b5 23. Qc3 f6 24. Rc1 bxc4 1/2-1/2

[Event "Bergisch Gladbach-ch 24th"]
[Site "Bergisch Gladbach"]
[Date "2002.09.17"]
[Round "3"]
[White "Arnold, Ingo"]
[Black "Fieberg, Christoph"]
[Result "1-0"]
[WhiteElo "1689"]
[BlackElo "1832"]
[PlyCount "75"]
[EventDate "2002.08.??"]
[EventType "swiss"]
[EventRounds "7"]
[EventCountry "GER"]
[SourceTitle "EXT 2005"]
[Source "ChessBase"]
[SourceDate "2004.11.15"]
[SourceVersion "1"]
[SourceVersionDate "2004.11.15"]
[SourceQuality "1"]

1. e4 d6 2. d4 g6 3. c3 Bg7 4. Be3 Nf6 5. Nd2 Ng4 6. Bc4 0-0 7. Ngf3 Nc6 8. 0-0 e5 9. d5 Ne7 10. Bg5 h6 11. Bh4 f5 12. h3 Nf6 13. Re1 g5 14. Bg3 f4 15. Bh2 Ng6 16. Kf1 h5 17. Nxg5 Ng4 18. Ne6 Qh4 19. hxg4 hxg4 20. Nxf8 Bxf8 21. Bg1 Qh1 22. f3 g3 23. Ke2 Nh4 24. Kd3 Nxg2 25. Rf1 Bh3 26. Bxa7 Qh2 27. Rh1 Rxa7 28. Rxh2 gxh2 29. Qh1 Ne3 30. Qxh2 Bd7 31. Rg1+ Kf7 32. a3 c5 33. Qh7+ Ke8 34. Rg8 b5 35. Qg7 bxc4+ 36. Ke2 Kd8 37. Qxf8+ Kc7 38. Qb8# 1-0